[Event "Elit(Stockholms SS-Farsta)"]
[Site "?"]
[Date "2020.01.31"]
[Round "6"]
[White "Ong, Kezli"]
[Black "Hauge, Lars Oskar"]
[Result "0-1"]
[WhiteElo "2281"]
[BlackElo "2493"]
[PlyCount "110"]
1. e4 c5 2. Nf3 d6 3. Bb5+ Bd7 4. Bxd7+ Qxd7 5. c4 g6 6. Nc3 Bg7 7. d4 cxd4 8.
Nxd4 Nf6 9. f3 Qc7 10. b3 Qa5 11. Qd3 Nc6 12. Be3 O-O 13. O-O e6 14. Rfd1 Rfd8
15. Rac1 Rac8 16. Qe2 Rd7 17. Ndb5 Qd8 18. Bxa7 b6 19. Nxd6 Rxd6 20. Rxd6 Qxd6
21. Bxb6 Nh5 22. Nb5 Nd4 23. Bxd4 Bxd4+ 24. Nxd4 Qxd4+ 25. Qf2 Qd3 26. g3 Nf6
27. Kg2 Rd8 28. c5 Ne8 29. Rc2 Nc7 30. Qe2 Kf8 31. Qxd3 Rxd3 32. Kf2 Ke7 33.
Ke2 Rd8 34. a4 Na6 35. Ke3 e5 36. f4 f6 37. fxe5 fxe5 38. c6 Rb8 39. Rc3 Kd6
40. Kd3 Nc5+ 41. Kc2 Kxc6 42. Kb2 Kd6 43. Ka3 Nxe4 44. Rd3+ Kc5 45. Rd7 Nf6 46.
Rc7+ Kd6 47. Rc4 Kd5 48. Rb4 Re8 49. a5 e4 50. Rb5+ Kd4 51. Rb4+ Kd3 52. Rb6 e3
53. Rd6+ Kc2 54. Rxf6 e2 55. Rf2 Kc3 0-1

[Event "Elit(Vasteras-Vaxjo)"]
[Site "?"]
[Date "2019.10.20"]
[Round "3"]
[White "Bergstrom, Peter"]
[Black "Lindberg, Bengt"]
[Result "1/2-1/2"]
[WhiteElo "2306"]
[BlackElo "2397"]
[PlyCount "73"]
1. e4 c5 2. Nf3 e6 3. d4 cxd4 4. Nxd4 Nc6 5. Nc3 Qc7 6. Be3 a6 7. Be2 Nf6 8.
O-O Bb4 9. Na4 Be7 10. Nxc6 bxc6 11. Nb6 Rb8 12. Nxc8 Qxc8 13. Bd4 c5 14. Be5
Rb6 15. Qd3 d6 16. Bc3 O-O 17. b3 d5 18. e5 Nd7 19. f4 c4 20. bxc4 Rc6 21. Qh3
Nb6 22. Bd3 g6 23. Rf3 f5 24. exf6 Bxf6 25. Bxf6 Rxf6 26. cxd5 Nxd5 27. Be4 Rc4
28. Bxd5 Qc5+ 29. Kh1 Qxd5 30. Qh4 Qd4 31. Rb1 Rf8 32. Qe1 Qd6 33. Rd1 Qc6 34.
Qe5 Rxc2 35. a3 Rc5 36. Qe3 Rcf5 37. Rdf1 1/2-1/2

[Event "Elit(Vasteras-Vaxjo)"]
[Site "?"]
[Date "2019.10.20"]
[Round "3"]
[White "Rydstrom, Tom"]
[Black "Norberg, Johan"]
[Result "1-0"]
[WhiteElo "2322"]
[BlackElo "2315"]
[PlyCount "77"]
1. e4 g6 2. d4 Bg7 3. Nc3 d6 4. Be3 a6 5. Qd2 Nd7 6. h4 h5 7. Nh3 b5 8. Ng5 Bb7
9. O-O-O Rc8 10. Kb1 c5 11. f3 Qa5 12. dxc5 Nxc5 13. Bd4 Nf6 14. a3 Qc7 15. Be2
O-O 16. g4 e5 17. Be3 Rfd8 18. gxh5 Nxh5 19. f4 exf4 20. Bd4 d5 21. Bxg7 Nxg7
22. Nxd5 Bxd5 23. exd5 Qe5 24. Bg4 Ne4 25. Qd4 Qxd4 26. Rxd4 Rc4 27. Rhd1 Ne8
28. h5 N8f6 29. hxg6 fxg6 30. Be6+ Kg7 31. d6 Rxd4 32. Rxd4 Nc5 33. b4 Na4 34.
Bh3 Re8 35. Ne6+ Kh6 36. Rxf4 Nc3+ 37. Kb2 Ncd5 38. Rh4+ Nh5 39. d7 1-0

[Event "Elit(Vasteras-Vaxjo)"]
[Site "?"]
[Date "2019.10.20"]
[Round "3"]
[White "Jonsson, Mikael"]
[Black "Gonzalez, Emilio"]
[Result "0-1"]
[WhiteElo "2252"]
[BlackElo "1936"]
[PlyCount "55"]
1. d4 Nf6 2. c4 e6 3. Nc3 Bb4 4. Qc2 b6 5. Nf3 Bb7 6. a3 Bxc3+ 7. Qxc3 Ne4 8.
Qc2 d6 9. g3 Nd7 10. Bg2 Qc8 11. O-O O-O 12. d5 Ndf6 13. Bh3 Qe8 14. Nd4 exd5
15. cxd5 Bxd5 16. Qxc7 Qe5 17. Nf5 Rfe8 18. f4 Ng5 19. fxg5 Qe4 20. Ne3 Qh1+
21. Kf2 Qxh2+ 22. Ke1 Qxg3+ 23. Rf2 Ne4 24. Nxd5 Qxf2+ 25. Kd1 Qd4+ 26. Kc2
Qxd5 27. Bd7 Re7 28. Bf4 0-1

[Event "Elit(Vasteras-Vaxjo)"]
[Site "?"]
[Date "2019.10.20"]
[Round "3"]
[White "Olofsson-Dolk, Mattis"]
[Black "Norberg, Erik"]
[Result "1/2-1/2"]
[WhiteElo "2209"]
[BlackElo "2257"]
[PlyCount "95"]
1. e4 g6 2. d4 Bg7 3. Nc3 c6 4. f4 Qb6 5. Nf3 d5 6. e5 Bg4 7. Be2 e6 8. Na4 Qc7
9. Be3 Bxf3 10. Bxf3 h5 11. O-O Nd7 12. b3 b5 13. Nb2 Ne7 14. Qd2 Nf5 15. Rfc1
Rb8 16. Bf2 Qb6 17. a4 a6 18. axb5 axb5 19. Ra2 Bf8 20. Rca1 c5 21. Ra6 Qc7 22.
Ra7 Qc8 23. c4 bxc4 24. bxc4 cxd4 25. cxd5 Bb4 26. Qd1 Bc3 27. dxe6 fxe6 28.
Qa4 Bxb2 29. Bc6 Rh7 30. Rb1 Re7 31. Be1 Ne3 32. Ba5 Kf7 33. Rc7 Qa6 34. Bxd7
Qe2 35. Qc6 Bc3 36. Bxe6+ Kg7 37. Rxe7+ Kh6 38. Reb7 Nd1 39. Qf3 Qe1+ 40. Qf1
Qe3+ 41. Kh1 Nf2+ 42. Qxf2 Qxf2 43. Rxb8 Bxa5 44. Rh8+ Kg7 45. Rg8+ Kh6 46.
Rh8+ Kg7 47. Rg8+ Kh6 48. Rh8+ 1/2-1/2

[Event "Elit(Vasteras-Vaxjo)"]
[Site "?"]
[Date "2019.10.20"]
[Round "3"]
[White "Eriksson, Anders"]
[Black "Sevastianov, Andrii"]
[Result "1-0"]
[WhiteElo "2237"]
[BlackElo "2118"]
[PlyCount "67"]
1. Nf3 Nf6 2. g3 b6 3. Bg2 Bb7 4. c4 c5 5. O-O e6 6. Nc3 Be7 7. Re1 d5 8. cxd5
Nxd5 9. e4 Nxc3 10. bxc3 O-O 11. d4 cxd4 12. cxd4 Nc6 13. Rb1 Na5 14. d5 Nc4
15. Qe2 Rc8 16. dxe6 fxe6 17. Bh3 Rf6 18. Bf4 Rg6 19. Ne5 Nxe5 20. Bxe5 Qe8 21.
Rbc1 Bc5 22. Kg2 Rg5 23. Bf4 Rg6 24. f3 Rf6 25. Be3 Bxe3 26. Qxe3 Qa4 27. Rxc8+
Bxc8 28. Qd2 Qe8 29. Rc1 Rf7 30. Qd6 Rf6 31. e5 Rh6 32. Bg4 g5 33. Qc7 Ba6 34.
Rd1 1-0

[Event "Elit(Wasa-Stockholms SS)"]
[Site "?"]
[Date "2019.10.20"]
[Round "3"]
[White "Lokander, Martin"]
[Black "Lindberg, Bo"]
[Result "1/2-1/2"]
[WhiteElo "2396"]
[BlackElo "2390"]
[PlyCount "74"]
1. d4 Nf6 2. c4 e6 3. Nc3 Bb4 4. e3 Ne4 5. Qc2 f5 6. Bd3 O-O 7. Nge2 b6 8. a3
Bxc3+ 9. Nxc3 Nxc3 10. Qxc3 Bb7 11. O-O d6 12. f3 Nd7 13. b4 Qe7 14. Bb2 a5 15.
Qd2 e5 16. Bc2 Kh8 17. Ba4 e4 18. Bxd7 Qxd7 19. d5 axb4 20. axb4 Rxa1 21. Bxa1
exf3 22. Rxf3 Qe7 23. b5 Bc8 24. Bd4 Bd7 25. Rg3 Rf7 26. Qf2 Qe4 27. h3 h6 28.
Rf3 Kh7 29. h4 Qg4 30. Rf4 Qd1+ 31. Kh2 Re7 32. Rxf5 Bxf5 33. Qxf5+ Kg8 34.
Qc8+ Kf7 35. Qf5+ Kg8 36. Qc8+ Kf7 37. Qf5+ Kg8 1/2-1/2

[Event "Elit(Rockaden,Sthlm-Eksjo)"]
[Site "?"]
[Date "2019.10.20"]
[Round "3"]
[White "Rothen, Hakan"]
[Black "Wiedenkeller, Michael"]
[Result "0-1"]
[WhiteElo "2251"]
[BlackElo "2459"]
[PlyCount "126"]
1. d4 Nf6 2. Nf3 d5 3. e3 e6 4. Bd3 c5 5. b3 Be7 6. Bb2 b6 7. Ne5 O-O 8. O-O
Bb7 9. Nd2 Nbd7 10. Qf3 Nxe5 11. dxe5 Nd7 12. Qh3 g6 13. f4 Qc7 14. f5 exf5 15.
Rxf5 d4 16. Nc4 Bd5 17. Rh5 Be6 18. Qg3 Rfd8 19. Rf1 Nf8 20. Bf5 Bxc4 21. bxc4
dxe3 22. Be4 e2 23. Re1 Ne6 24. Bxa8 Rxa8 25. Qf3 Rd8 26. Rh3 Ng5 27. Qxe2
Nxh3+ 28. gxh3 Qd7 29. e6 Qxe6 30. Qxe6 fxe6 31. Rxe6 Rd1+ 32. Kf2 Rd2+ 33. Re2
Rxe2+ 34. Kxe2 Bd6 35. Kf3 Kf7 36. Ke4 Ke6 37. Bc1 Bxh2 38. Bg5 Be5 39. a4 Bc7
40. Bd2 Bd8 41. Bf4 h5 42. Bb8 a6 43. Bf4 g5 44. Be3 Kf6 45. Bd2 Bc7 46. Kd5
Ke7 47. Kc6 Kd8 48. Kb7 Kd7 49. Be3 g4 50. hxg4 hxg4 51. Bf2 a5 52. Be1 g3 53.
Bd2 Be5 54. Be3 Bd4 55. Bf4 g2 56. Bh2 Ke6 57. Kxb6 Kf5 58. c3 Be3 59. Kxa5 Kg4
60. Kb6 Kh3 61. a5 Kxh2 62. a6 g1=Q 63. a7 Qg2 0-1

[Event "Elit(Wasa-Stockholms SS)"]
[Site "?"]
[Date "2019.10.20"]
[Round "3"]
[White "Renman, Nils-Gustaf"]
[Black "Suarez Garcia, Carlos"]
[Result "1/2-1/2"]
[WhiteElo "2340"]
[BlackElo "2437"]
[PlyCount "67"]
1. d4 d6 2. Nf3 g6 3. c4 Bg7 4. Nc3 c5 5. d5 Bxc3+ 6. bxc3 f5 7. Bg5 Qa5 8. Qc2
Nf6 9. Bxf6 exf6 10. h4 h5 11. e3 Nd7 12. Nd2 Ne5 13. Be2 Bd7 14. a4 Kf7 15. g3
a6 16. O-O Rhb8 17. f4 Ng4 18. Bxg4 hxg4 19. e4 Qc7 20. h5 Rh8 21. hxg6+ Kxg6
22. Kg2 Rh3 23. Rh1 fxe4 24. Nxe4 Bf5 25. Rxh3 gxh3+ 26. Kh2 Re8 27. Re1 Qe7
28. Qd1 Bxe4 29. Qg4+ Kf7 30. Qh5+ Kf8 31. Qh8+ Kf7 32. Qh5+ Kg8 33. f5 Qe5 34.
Qg6+ 1/2-1/2

[Event "Elit(Vasteras-Vaxjo)"]
[Site "?"]
[Date "2019.10.20"]
[Round "3"]
[White "Miezis, Normunds"]
[Black "Solodovnichenko, Yuri"]
[Result "1/2-1/2"]
[WhiteElo "2486"]
[BlackElo "2568"]
[PlyCount "84"]
1. c4 e5 2. g3 d6 3. Bg2 f5 4. d4 Be7 5. Nc3 Nf6 6. b3 O-O 7. Bb2 c6 8. e3 Na6
9. Nge2 Qe8 10. Qd2 Nc7 11. h3 Be6 12. d5 Bd7 13. f4 e4 14. dxc6 bxc6 15. g4
fxg4 16. hxg4 Bxg4 17. Nxe4 Nxe4 18. Bxe4 h5 19. O-O-O Bf6 20. Bc2 d5 21. Rdg1
dxc4 22. Rxg4 hxg4 23. Bh7+ Kf7 24. Bxf6 gxf6 25. Bf5 Nd5 26. e4 Rh8 27. Rxh8
Qxh8 28. exd5 Qh1+ 29. Kc2 cxb3+ 30. axb3 Qxd5 31. Qxd5+ cxd5 32. Bxg4 Ke7 33.
Bf3 Kd6 34. Nc3 Rh8 35. Bxd5 Rh2+ 36. Kd3 Rh3+ 37. Kd4 Rxc3 38. Kxc3 Kxd5 39.
Kd3 f5 40. Ke3 Kc5 41. Kd3 Kb4 42. Kc2 Kc5 1/2-1/2

[Event "Elit(Farsta-Limhamn)"]
[Site "?"]
[Date "2019.10.20"]
[Round "3"]
[White "Livner, Anders"]
[Black "Jepson, Christian"]
[Result "1/2-1/2"]
[WhiteElo "2356"]
[BlackElo "2387"]
[PlyCount "46"]
1. c4 e6 2. g3 d5 3. Bg2 g6 4. Nf3 Bg7 5. O-O Nc6 6. d4 Nge7 7. e3 O-O 8. Nc3
b6 9. Qe2 a5 10. b3 Bb7 11. Rd1 Nf5 12. Bb2 Re8 13. Rac1 Rc8 14. Na4 Ba6 15.
Qe1 Qd6 16. c5 Qd8 17. Bf1 b5 18. Nc3 Rb8 19. a4 Na7 20. Na2 Nc6 21. Nc3 Na7
22. Nb1 Nc6 23. Nc3 Na7 1/2-1/2

[Event "Elit(Vasteras-Vaxjo)"]
[Site "?"]
[Date "2019.10.20"]
[Round "3"]
[White "Alle Wahlin, Ambjorn"]
[Black "Akesson, Ralf"]
[Result "1/2-1/2"]
[WhiteElo "2256"]
[BlackElo "2367"]
[PlyCount "83"]
1. c4 c5 2. Nf3 Nf6 3. Nc3 e6 4. e3 a6 5. g3 Nc6 6. Bg2 b5 7. b3 Be7 8. O-O O-O
9. d4 bxc4 10. bxc4 Na5 11. Rb1 cxd4 12. exd4 Ra7 13. d5 Nxc4 14. Bf4 exd5 15.
Nxd5 Rb7 16. Nd4 Nxd5 17. Bxd5 Rxb1 18. Qxb1 Nb6 19. Be4 Bf6 20. Rd1 Na4 21.
Qb4 Re8 22. Bf3 Bxd4 23. Qxd4 Qa5 24. Kg2 d5 25. Qxd5 Qxd5 26. Rxd5 Nc3 27. Ra5
f6 28. h4 Kf7 29. Ra3 Nb5 30. Rd3 Bf5 31. Rd2 Re7 32. a4 Nc3 33. a5 Be4 34. Rd8
Bxf3+ 35. Kxf3 Nb5 36. Ra8 Nd4+ 37. Kg2 Re6 38. Ra7+ Kg8 39. h5 Rc6 40. Be3 Nc2
41. Bb6 Nb4 42. Ra8+ 1/2-1/2

[Event "Elit(Eksjo-Wasa)"]
[Site "?"]
[Date "2019.10.19"]
[Round "2"]
[White "Bellon Lopez, Juan"]
[Black "Vernersson, Per"]
[Result "1-0"]
[WhiteElo "2334"]
[BlackElo "2275"]
[PlyCount "145"]
1. e4 c6 2. Nc3 d5 3. Nf3 Bg4 4. h3 Bxf3 5. Qxf3 e6 6. g3 Nf6 7. Bg2 Nbd7 8.
O-O dxe4 9. Nxe4 Nxe4 10. Qxe4 Be7 11. d4 O-O 12. c3 Nf6 13. Qe2 Nd5 14. Rd1
Re8 15. c4 Nf6 16. b4 a6 17. Rb1 Qc7 18. a4 Rad8 19. Bf4 Bd6 20. Bg5 Be7 21.
Qf3 e5 22. Be3 exd4 23. Rxd4 Rxd4 24. Bxd4 Rd8 25. Qe3 Qd7 26. Bb6 Re8 27. b5
axb5 28. axb5 Bd8 29. bxc6 bxc6 30. Qd4 Bxb6 31. Qxb6 Rc8 32. Qb7 Kf8 33. Qb4+
Qe7 34. Qb7 Qd7 35. Qb4+ Qe7 36. Qa4 c5 37. Bf3 Rd8 38. Qc6 Qd6 39. Qxd6+ Rxd6
40. Rb5 Nd7 41. Bg4 Ke7 42. Bxd7 Kxd7 43. Rxc5 Rd1+ 44. Kg2 Rc1 45. Kf3 Kd6 46.
Rd5+ Kc6 47. Rd4 Ra1 48. Ke4 Ra7 49. Rd5 Re7+ 50. Kd4 Re2 51. Rc5+ Kd6 52. Rf5
f6 53. g4 Rd2+ 54. Ke3 Ra2 55. Rd5+ Kc6 56. h4 Rc2 57. Rd4 Rc3+ 58. Ke4 Rc2 59.
f3 Rh2 60. h5 g6 61. hxg6 hxg6 62. Rd8 Re2+ 63. Kf4 Re5 64. Kg3 g5 65. Rf8 Re6
66. f4 Kd7 67. fxg5 fxg5 68. c5 Re3+ 69. Rf3 Re7 70. Rf5 Rg7 71. Kf3 Kc6 72.
Ke4 Rg8 73. Re5 1-0

[Event "Elit(Vaxjo-Rockaden,Sthlm)"]
[Site "?"]
[Date "2019.10.19"]
[Round "2"]
[White "Barkhagen, Jonas"]
[Black "Olofsson-Dolk, Mattis"]
[Result "1-0"]
[WhiteElo "2427"]
[BlackElo "2209"]
[PlyCount "117"]
1. d4 Nf6 2. c4 g6 3. Nc3 d5 4. Bg5 Ne4 5. Bf4 Nxc3 6. bxc3 Bg7 7. e3 c5 8. Nf3
O-O 9. cxd5 cxd4 10. cxd4 Qxd5 11. Be2 Nc6 12. O-O Bf5 13. Qa4 Qa5 14. Qb3 Qb4
15. Rfc1 a6 16. Bc4 Qxb3 17. axb3 Nb4 18. Ne5 b5 19. Be2 Rac8 20. Bf3 Bxe5 21.
Bxe5 Be6 22. Bc7 Bd5 23. Ba5 Bxf3 24. Bxb4 Rxc1+ 25. Rxc1 Bd5 26. Bxe7 Re8 27.
Bf6 Bxb3 28. e4 Bc4 29. f3 Rc8 30. d5 Kf8 31. Bc3 Ke8 32. Bb4 Kd7 33. Ra1 Ra8
34. Kf2 Bb3 35. Ke3 Ba4 36. Kd4 Kc8 37. Bc5 Kc7 38. f4 Rd8 39. Ra3 Kb7 40. g4
Bd1 41. h3 Be2 42. f5 Bc4 43. fxg6 hxg6 44. Rf3 Rd7 45. Bb4 Rc7 46. Ba5 Rd7 47.
Rf2 Bb3 48. Rf6 Bc4 49. Rf4 Bb3 50. Rf2 Ka7 51. Kc5 Kb7 52. Rf6 Bc2 53. Rb6+
Ka7 54. e5 Bb3 55. Rd6 Re7 56. Kd4 Kb7 57. Rd8 Ka7 58. d6 Rb7 59. d7 1-0

[Event "Elit(Vaxjo-Rockaden,Sthlm)"]
[Site "?"]
[Date "2019.10.19"]
[Round "2"]
[White "Gonzalez, Emilio"]
[Black "Bator, Robert"]
[Result "1/2-1/2"]
[WhiteElo "1936"]
[BlackElo "2358"]
[PlyCount "77"]
1. c4 c6 2. g3 d5 3. Nf3 Nf6 4. Bg2 Bg4 5. O-O e6 6. cxd5 exd5 7. Qb3 Qb6 8.
Qc2 Bd6 9. d3 O-O 10. Be3 Qa6 11. Nc3 h6 12. a3 Bf5 13. Bd4 Nbd7 14. e4 dxe4
15. Nxe4 Be7 16. Rfd1 Nd5 17. b4 Rfd8 18. Qb2 Bf8 19. Bf1 b6 20. Rac1 Rac8 21.
Ne5 Nxe5 22. Bxe5 Qb7 23. Bg2 Qd7 24. Nc3 f6 25. Nxd5 cxd5 26. Bf4 Rxc1 27.
Rxc1 Bxd3 28. Rc7 Qe6 29. Qd2 Bf5 30. Qd4 a5 31. Be3 axb4 32. axb4 Qd6 33. Qxb6
d4 34. Rc6 Qxb4 35. Qxd8 Qe1+ 36. Bf1 dxe3 37. Qd5+ Kh8 38. Qxf5 e2 39. Qh3
1/2-1/2

[Event "Elit(Limhamn-Stockholms SS)"]
[Site "?"]
[Date "2019.10.19"]
[Round "2"]
[White "Seo, Jung Min"]
[Black "Johansson, Linus"]
[Result "1/2-1/2"]
[WhiteElo "2437"]
[BlackElo "2467"]
[PlyCount "114"]
[SourceDate "2019.10.26"]
1. c4 c5 2. Nc3 Nc6 3. Nf3 g6 4. e3 Nf6 5. b3 Bg7 6. Bb2 O-O 7. Be2 d5 8. Nxd5
Nxd5 9. Bxg7 Kxg7 10. cxd5 Qxd5 11. O-O Rd8 12. Qc2 b6 13. a3 Bb7 14. b4 cxb4
15. axb4 f6 16. Qb2 g5 17. Rfd1 Ne5 18. d4 Ng6 19. Ne1 Qd6 20. b5 h5 21. Qa3 g4
22. Rdc1 Qd7 23. Rc3 Rdc8 24. Bd3 h4 25. Rxc8 Rxc8 26. Qb2 h3 27. Rxa7 Rc7 28.
g3 Nf8 29. Qe2 Nh7 30. e4 Qxd4 31. Qxg4+ Ng5 32. Qf4 e5 33. Qe3 Qxe3 34. fxe3
Rf7 35. Bc4 Bd5 36. Rxf7+ Bxf7 37. Bd5 Bg6 38. Nd3 Nxe4 39. Nb4 Nc3 40. Be6 Be4
41. Bxh3 Nxb5 42. Bg2 Nd6 43. Bxe4 Nxe4 44. Kg2 Kg6 45. h3 b5 46. g4 f5 47. Kf3
Nc5 48. Nc6 e4+ 49. Kg3 fxg4 50. Kxg4 Nd3 51. Nd4 b4 52. Nb3 Nf2+ 53. Kg3 Nd1
54. Kf4 Kh5 55. Kxe4 Kh4 56. Kd4 Nxe3 57. Kxe3 Kxh3 1/2-1/2

[Event "Elit(Limhamn-Stockholms SS)"]
[Site "?"]
[Date "2019.10.19"]
[Round "2"]
[White "Brynell, Stellan"]
[Black "Hauge, Lars Oskar"]
[Result "0-1"]
[WhiteElo "2408"]
[BlackElo "2483"]
[PlyCount "60"]
1. d4 f5 2. g3 Nf6 3. Bg2 g6 4. Nf3 Bg7 5. O-O O-O 6. c4 d6 7. Nc3 c6 8. b3 Qa5
9. Qd2 e5 10. d5 Qc7 11. dxc6 bxc6 12. Rd1 e4 13. Nd4 Rd8 14. Bb2 Qe7 15. h3
Bb7 16. Nc2 Na6 17. Na4 Nc7 18. Rac1 Ne6 19. Nd4 Nc5 20. Nc3 Ncd7 21. Nc2 Ne5
22. Ba3 Nf7 23. Na4 h5 24. h4 f4 25. gxf4 Ng4 26. Ne3 Nfh6 27. Nxg4 Nxg4 28.
Nc3 e3 29. fxe3 Qxh4 30. Ne4 c5 0-1

[Event "Elit(Limhamn-Stockholms SS)"]
[Site "?"]
[Date "2019.10.19"]
[Round "2"]
[White "Westerberg, Jonathan"]
[Black "Jepson, Christian"]
[Result "1-0"]
[WhiteElo "2546"]
[BlackElo "2387"]
[PlyCount "89"]
1. e4 d6 2. d4 Nf6 3. Nc3 g6 4. f4 Bg7 5. Nf3 O-O 6. e5 Nfd7 7. h4 c5 8. h5
cxd4 9. Qxd4 dxe5 10. Qf2 e4 11. Ng5 gxh5 12. Ngxe4 Nf6 13. Nxf6+ exf6 14. f5
Re8+ 15. Be2 Nc6 16. Bd2 Nd4 17. O-O-O Nxe2+ 18. Nxe2 Qd5 19. Rxh5 Qxa2 20. Nc3
Qa1+ 21. Nb1 Re5 22. Bc3 Bxf5 23. Rxf5 Bh6+ 24. Bd2 Bxd2+ 25. Rxd2 Rae8 26.
Qg3+ Kf8 27. Rxe5 fxe5 28. Qd3 e4 29. Qd6+ Kg8 30. Rd5 Qa6 31. Rg5+ Kh8 32.
Qxa6 bxa6 33. Kd2 f6 34. Rg3 f5 35. Ke3 Rb8 36. b3 Rc8 37. Na3 a5 38. Kf4 Rc5
39. Nc4 a4 40. Nd6 h6 41. bxa4 Rxc2 42. Nxf5 Ra2 43. Nxh6 Rxa4 44. Nf7+ Kh7 45.
Ng5+ 1-0

[Event "Elit(Limhamn-Stockholms SS)"]
[Site "?"]
[Date "2019.10.19"]
[Round "2"]
[White "Haubro, Martin"]
[Black "Uddenfeldt, Dan"]
[Result "1-0"]
[WhiteElo "2343"]
[BlackElo "2352"]
[PlyCount "51"]
1. e4 e5 2. Nf3 Nc6 3. Bb5 a6 4. Ba4 Be7 5. O-O b5 6. Bb3 Nf6 7. Re1 O-O 8. a4
b4 9. a5 d6 10. d3 Bg4 11. c3 Rb8 12. Nbd2 d5 13. h3 Bxf3 14. Nxf3 Qd6 15. exd5
Nxd5 16. Qc2 Bf6 17. Nd2 Nf4 18. Bc4 Be7 19. Nf3 Nd5 20. Bd2 f6 21. d4 Rbd8 22.
Bd3 g6 23. Bxg6 hxg6 24. Qxg6+ Kh8 25. Bh6 Rg8 26. Qh5 1-0

[Event "Elit(LASK-Farsta)"]
[Site "?"]
[Date "2019.10.19"]
[Round "2"]
[White "Ong, Kezli"]
[Black "Mauritsson, Sebastian"]
[Result "0-1"]
[WhiteElo "2314"]
[BlackElo "2339"]
[PlyCount "202"]
1. e4 c5 2. Nf3 d6 3. Bb5+ Nd7 4. O-O a6 5. Bd3 Ngf6 6. c3 b5 7. Bc2 c4 8. d4
cxd3 9. Qxd3 e6 10. Bf4 e5 11. Bg3 Be7 12. Nbd2 O-O 13. Qe2 Bb7 14. a4 Qb6 15.
b4 Rac8 16. Ra3 Rfe8 17. axb5 axb5 18. Bd3 Bc6 19. Rfa1 Bf8 20. Ra6 Qb7 21. Ra7
Qb6 22. R1a6 Qd8 23. Bxb5 Bxb5 24. Qxb5 Rxc3 25. h3 Qc8 26. Kh2 Rc1 27. Qa4 Qc2
28. Qxc2 Rxc2 29. Rb7 d5 30. Nb3 dxe4 31. Nfd2 Rb8 32. Rxb8 Nxb8 33. Ra8 Nfd7
34. Nxe4 Rc4 35. Nec5 Rxb4 36. Nxd7 Nxd7 37. Nc1 f6 38. Rd8 Rb7 39. f3 Kf7 40.
Ne2 Bc5 41. Nc3 Bb6 42. Rc8 f5 43. Nb5 Bc5 44. Nc3 Bd4 45. Ne2 Be3 46. Nc3 Bd4
47. Ne2 Bb6 48. Rc6 Rc7 49. Rd6 Bc5 50. Ra6 Rb7 51. Rc6 Rb2 52. Nc3 Rb6 53. Rc7
Ke6 54. Na4 Rb5 55. Bxe5 Kxe5 56. Rxd7 Bd4 57. Rc7 Kd6 58. Rc1 Rb3 59. Rc2 Kd5
60. Rc8 Ra3 61. Rd8+ Kc4 62. Rc8+ Kb4 63. Rf8 Be5+ 64. g3 Ra2+ 65. Kg1 Rxa4 66.
Rxf5 Bd4+ 67. Kf1 Kc3 68. Rb5 Ra1+ 69. Ke2 Ra2+ 70. Ke1 Rh2 71. h4 h6 72. h5
Bf2+ 73. Ke2 Bxg3+ 74. Ke3 Kc4 75. Rf5 Rh4 76. f4 Be1 77. Ke4 Bc3 78. Ke3 Rh1
79. Ke4 Re1+ 80. Kf3 Bf6 81. Ra5 Ra1 82. Rf5 Kd4 83. Rb5 Rc1 84. Rb4+ Rc4 85.
Rb6 Kd5 86. Ra6 Rc6 87. Ra5+ Ke6 88. Kg4 Bc3 89. Rb5 Bd4 90. Ra5 Bc5 91. Ra4
Bd6 92. Rd4 Rb6 93. Re4+ Kf6 94. Rd4 Be7 95. Rc4 Rd6 96. Ra4 Rd1 97. Ra5 Rg1+
98. Kf3 Bd6 99. Ra6 Ke6 100. Kf2 Rg4 101. Ke3 Rh4 0-1

[Event "Elit(Vasteras-Burgsvik)"]
[Site "?"]
[Date "2019.10.19"]
[Round "2"]
[White "Haitin, Ilja"]
[Black "Landgren, Andreas"]
[Result "1-0"]
[WhiteElo "2324"]
[BlackElo "2255"]
[PlyCount "73"]
1. e4 e6 2. d4 d5 3. e5 c5 4. c3 Qb6 5. Bd3 Nc6 6. Ne2 Bd7 7. Bc2 Rc8 8. O-O
cxd4 9. cxd4 f6 10. Nbc3 fxe5 11. dxe5 Nxe5 12. Be3 Qc7 13. Rc1 Qb8 14. f4 Nc4
15. Bd4 Nxb2 16. Qe1 Bc5 17. Kh1 Nf6 18. Bxf6 gxf6 19. Qh4 Be3 20. Rb1 Nc4 21.
f5 Bg5 22. Qh5+ Ke7 23. fxe6 Bxe6 24. h4 Bf7 25. Qf3 Nd2 26. Nxd5+ Kf8 27. Qa3+
Kg8 28. Ne7+ Kg7 29. hxg5 Nxf1 30. gxf6+ Kh6 31. Qh3+ Kg5 32. Rxf1 Bg6 33. Qe3+
Kh5 34. Ng3+ Kg4 35. Bd1+ Kh4 36. Ngf5+ Bxf5 37. Nxf5# 1-0

[Event "Elit(Limhamn-Stockholms SS)"]
[Site "?"]
[Date "2019.10.19"]
[Round "2"]
[White "Lokander, Martin"]
[Black "Lindgren, Philip"]
[Result "1/2-1/2"]
[WhiteElo "2396"]
[BlackElo "2348"]
[PlyCount "91"]
1. c4 Nf6 2. Nc3 e6 3. e4 d5 4. cxd5 exd5 5. e5 Ne4 6. Nf3 Nc6 7. Bb5 Nxc3 8.
dxc3 Be7 9. Nd4 Bd7 10. Bxc6 bxc6 11. Nb3 O-O 12. Be3 f6 13. exf6 Rxf6 14. O-O
Rg6 15. Bf4 Bd6 16. Bxd6 cxd6 17. f3 a5 18. Qd2 Rb8 19. Rae1 a4 20. Nc1 Qh4 21.
Nd3 Rh6 22. g3 Qf6 23. Nb4 Rg6 24. Re3 h5 25. Rfe1 Rf8 26. Qd4 Qg5 27. Qa7 Rf7
28. Qa8+ Kh7 29. Nd3 h4 30. f4 Qf5 31. Qd8 hxg3 32. hxg3 Qh3 33. R1e2 Rxg3+ 34.
Rxg3 Qxg3+ 35. Rg2 Qxd3 36. Qh4+ Kg8 37. Qd8+ Kh7 38. Qh4+ Kg8 39. Qd8+ Rf8 40.
Qxd7 Qe3+ 41. Kh1 Qe1+ 42. Kh2 Qh4+ 43. Kg1 Qe1+ 44. Kh2 Qh4+ 45. Kg1 Qe1+ 46.
Kh2 1/2-1/2

[Event "Elit(LASK-Farsta)"]
[Site "?"]
[Date "2019.10.19"]
[Round "2"]
[White "Kucuksari, Kaan"]
[Black "Hjelm, Niclas"]
[Result "1/2-1/2"]
[WhiteElo "2319"]
[BlackElo "2309"]
[PlyCount "84"]
1. d4 d5 2. c4 c6 3. Nf3 Nf6 4. Qb3 e6 5. Bg5 Nbd7 6. Nbd2 Be7 7. e3 O-O 8. Bd3
c5 9. O-O cxd4 10. exd4 dxc4 11. Nxc4 b6 12. Nce5 Bb7 13. Rac1 Nd5 14. Bxe7
Qxe7 15. Nc6 Bxc6 16. Rxc6 Nb4 17. Rc7 Nxd3 18. Qxd3 Qd6 19. Rc3 h6 20. Rfc1
Rfd8 21. h3 a6 22. Qe4 Nf6 23. Qb7 Nd5 24. Rc8 Raxc8 25. Rxc8 a5 26. Ne5 Rxc8
27. Qxc8+ Qf8 28. Qc6 g6 29. a3 Qe7 30. g3 Kg7 31. Kg2 h5 32. Nd7 Qd8 33. h4
Nf6 34. Nxf6 Kxf6 35. Qf3+ Ke7 36. Qf4 Qd5+ 37. Kg1 Qc4 38. Qg5+ Ke8 39. Qf4
Ke7 40. Qg5+ Ke8 41. Qf4 Ke7 42. Qg5+ Ke8 1/2-1/2

[Event "Elit(Vasteras-Burgsvik)"]
[Site "?"]
[Date "2019.10.19"]
[Round "2"]
[White "Vaarala, Eric"]
[Black "Linusson, Pelle"]
[Result "0-1"]
[WhiteElo "2321"]
[BlackElo "2231"]
[PlyCount "76"]
1. d4 Nf6 2. c4 g6 3. f3 Nc6 4. e4 e5 5. d5 Nd4 6. Nc3 Bc5 7. Nh3 d6 8. Nf2 Nh5
9. g3 a5 10. Nd3 Bb6 11. Bg2 f5 12. Na4 Ba7 13. c5 fxe4 14. fxe4 O-O 15. Be3
Bd7 16. Rc1 Qe7 17. Bxd4 exd4 18. c6 bxc6 19. dxc6 Be6 20. b3 Bd5 21. Qe2 Rae8
22. Rc2 Qd8 23. exd5 Rxe2+ 24. Rxe2 Qg5 25. Kd1 Nf6 26. Rhe1 Nxd5 27. Bxd5+
Qxd5 28. Rc2 Rf3 29. Nab2 Qf5 30. Rd2 Bc5 31. Kc2 Qd5 32. Ree2 Re3 33. Nc4 Rxe2
34. Rxe2 Qxc6 35. a4 Bb4 36. Kb2 Qf3 37. Re8+ Kg7 38. Re7+ Kf8 0-1

[Event "Elit(Limhamn-Stockholms SS)"]
[Site "?"]
[Date "2019.10.19"]
[Round "2"]
[White "Schneider, Stefan"]
[Black "Arman, Deniz"]
[Result "0-1"]
[WhiteElo "2378"]
[BlackElo "2333"]
[PlyCount "122"]
1. d4 Nf6 2. Nf3 g6 3. Bg5 Bg7 4. Nbd2 O-O 5. c3 d6 6. e3 c5 7. Be2 cxd4 8.
exd4 Nc6 9. O-O Qc7 10. Nc4 Ne4 11. Bh4 d5 12. Ne3 e6 13. Nd2 Qf4 14. Nxe4 Qxh4
15. Nd6 Rd8 16. Nxc8 Raxc8 17. Qb3 e5 18. dxe5 d4 19. Qa4 Bxe5 20. g3 Qe7 21.
cxd4 Bxd4 22. Bg4 f5 23. Bf3 Bxe3 24. Qb3+ Kg7 25. fxe3 Na5 26. Qa4 Rd2 27.
Rae1 b6 28. Rf2 Rc4 29. Qb5 Rb4 30. Qa6 Rbxb2 31. Rxd2 Rxd2 32. a3 Ra2 33. Qc8
Rxa3 34. Kg2 Rxe3 35. Rd1 Qf6 36. Rd7+ Re7 37. Rd8 Kh6 38. h4 Qe5 39. Rd3 Kg7
40. Kh3 f4 41. g4 Qe1 42. Qc3+ Qxc3 43. Rxc3 Nb7 44. Rc8 Nd6 45. Ra8 h6 46. g5
hxg5 47. hxg5 Nf7 48. Kg4 Ne5+ 49. Kxf4 Nxf3 50. Kxf3 Rb7 51. Ke3 b5 52. Kd3 b4
53. Kc2 b3+ 54. Kb2 Kh7 55. Rc8 a5 56. Rc5 a4 57. Ra5 Rb4 58. Ra7+ Kg8 59. Re7
a3+ 60. Kxa3 b2 61. Re1 b1=R 0-1

[Event "Elit(Limhamn-Stockholms SS)"]
[Site "?"]
[Date "2019.10.19"]
[Round "2"]
[White "Renman, Nils-Gustaf"]
[Black "Kabadayi, Can"]
[Result "1-0"]
[WhiteElo "2340"]
[BlackElo "2208"]
[PlyCount "95"]
1. d4 Nf6 2. Nf3 g6 3. c4 Bg7 4. Nc3 d5 5. cxd5 Nxd5 6. e4 Nxc3 7. bxc3 c5 8.
Be3 Qa5 9. Qd2 Nc6 10. Rb1 a6 11. Rc1 cxd4 12. cxd4 Qxd2+ 13. Kxd2 O-O 14. d5
Ne5 15. Nxe5 Bxe5 16. f4 Bd6 17. Bc4 Bd7 18. e5 Bb4+ 19. Ke2 Rac8 20. Bd3 Ba3
21. Rxc8 Rxc8 22. Rb1 b5 23. Bd2 Bg4+ 24. Ke1 Rc5 25. Rb3 Bc1 26. Bxc1 Rxc1+
27. Kd2 Rc5 28. Be4 Rc4 29. Ke3 Ra4 30. a3 Kf8 31. Rc3 Ke8 32. Bc2 Ra5 33. h3
Bf5 34. Bxf5 gxf5 35. g4 fxg4 36. hxg4 Kd7 37. Rd3 Ra4 38. g5 a5 39. Rb3 f5 40.
gxf6 exf6 41. Rxb5 fxe5 42. fxe5 h5 43. Rb7+ Kc8 44. Rh7 h4 45. e6 h3 46. Rh8+
Kc7 47. e7 Rxa3+ 48. Kf4 1-0